Microelectronic circuit design / (Record no. 81)
[ view plain ]
| 000 -LEADER | |
|---|---|
| fixed length control field | 01001nac a22002531u 4500 |
| 010 ## - LIBRARY OF CONGRESS CONTROL NUMBER | |
| LC control number | 2003054060 |
| 020 ## - INTERNATIONAL STANDARD BOOK NUMBER | |
| International Standard Book Number | 0071232494 |
| 082 00 - DEWEY DECIMAL CLASSIFICATION NUMBER | |
| Classification number | 621.3815 |
| Item number | J221 |
| 090 ## - LOCALLY ASSIGNED LC-TYPE CALL NUMBER (OCLC); LOCAL CALL NUMBER (OCLC) | |
| -- | 81 |
| -- | 81 |
| 100 ## - MAIN ENTRY--PERSONAL NAME | |
| Personal name | Jaeger, Richard C. |
| 245 10 - TITLE STATEMENT | |
| Title | Microelectronic circuit design / |
| Statement of responsibility, etc | Richard C. Jaeger, Travis N. Blalock. |
| 250 ## - EDITION STATEMENT | |
| Edition statement | 2nd ed. |
| 260 ## - PUBLICATION, DISTRIBUTION, ETC. (IMPRINT) | |
| Place of publication, distribution, etc | Dubuque, Iowa : |
| Name of publisher, distributor, etc | McGraw-Hill, |
| Date of publication, distribution, etc | 2003. |
| 300 ## - PHYSICAL DESCRIPTION | |
| Extent | xxv, 1506 p. : |
| Other physical details | ill. (some col.) ; |
| Dimensions | 27 cm.+ |
| Accompanying material | 1CD-ROM (4 3/4 in.) |
| 490 1# - Series Statement | |
| Series statement | McGraw-Hill electronics and VLSI circuits series |
| 500 ## - GENERAL NOTE | |
| General note | Includes index. |
| 650 #0 - SUBJECT ADDED ENTRY--TOPICAL TERM | |
| Topical term or geographic name as entry element | Integrated circuits |
| General subdivision | Design and construction. |
| 650 #0 - SUBJECT ADDED ENTRY--TOPICAL TERM | |
| Topical term or geographic name as entry element | Semiconductors |
| General subdivision | Design and construction. |
| 650 #0 - SUBJECT ADDED ENTRY--TOPICAL TERM | |
| Topical term or geographic name as entry element | Electronic circuit design. |
| 700 1# - ADDED ENTRY--PERSONAL NAME | |
| Personal name | Blalock, Travis N. |
| 830 #0 - SERIES ADDED ENTRY--UNIFORM TITLE | |
| Uniform title | McGraw-Hill series in electrical and computer engineering. |
| 942 ## - ADDED ENTRY ELEMENTS (KOHA) | |
| Item type | Book - Borrowing |
| Call number prefix | 621.3815J221 |
| Withdrawn status | Item status | Damaged status | Not for loan | Home library | Current library | Shelving location | Date acquired | Source of acquisition | Total Checkouts | Total Renewals | Full call number | Barcode | Date last seen | Date last borrowed | Cost, replacement price | Koha item type | Source of classification or shelving scheme | Vendor |
|---|---|---|---|---|---|---|---|---|---|---|---|---|---|---|---|---|---|---|
| Central Library | Central Library | First floor | 18/12/2005 | Purchase | 1 | 24 | 621.3815 JAE | 000004700 | 15/07/2025 | 27/09/2012 | 280.00 | Book - Borrowing | ||||||
| Central Library | Central Library | First floor | 19/09/2018 | Purchase | 621.3815 J221 | 000043549 | 24/08/2022 | CD | DVD - With book | Dewey Decimal Classification | unknown |